000 00642nam a2200241 a 4500
001 0001-1157
003 ELIB.Books
008 150506 2010 eng
020 _a9781449053123
035 _a(ELIB.Books)0001-1312
092 _a268
_bRob
100 _aRoberts, Carlos C.
245 _aChristian Education Teaching Methods-
_bFrom Modern to Postmodern
260 _aIndiana
_bAuthorhouse
_c2009
300 _a243
_c23 Cm
500 _aC/o Moe Lwei
650 _aChristian Education
856 _nKBTS: Library
_uKBTS: Elib
942 _2ddc
_cBK
990 _a1
998 _cbat
_e2015-05-06
999 _c11157
_d11157